| 000 | 00760nac a22002171u 4500 | ||
|---|---|---|---|
| 010 | _a87410049 | ||
| 020 | _a8122414672 | ||
| 082 | 0 | 0 |
_a671.53 _bJ951 |
| 090 |
_c931 _d931 |
||
| 100 | _aJuneja, B. L. | ||
| 245 | 1 | 0 |
_aFundamentals of metal cutting and machine tools / _cB.L. Juneja, G.S. Sekhon. |
| 250 | _a2nd revised ed. | ||
| 260 |
_aNew Delhi : _bNew Age International Pvt. Ltd., _c1987. |
||
| 300 |
_aviii, 462 p. : _bill. ; _c25 cm. |
||
| 504 | _aIncludes bibliographies and index. | ||
| 650 | 0 | _aMetal-cutting. | |
| 650 | 0 | _aMachine-tools. | |
| 700 | 1 | _aSekhon, G. S. | |
| 942 |
_cBB _k671.53J951 |
||
| 999 |
_c931 _d931 |
||